[Event "Bansko op"]
[Site "Bansko"]
[Date "2010.12.14"]
[Round "3"]
[White "Berbatov, Kiprian"]
[Black "Spasov, Vasil"]
[Result "1/2-1/2"]
[WhiteElo "2461"]
[BlackElo "2606"]
[PlyCount "85"]
[EventDate "2010.12.13"]
[EventType "swiss"]
[EventRounds "9"]
[EventCountry "BUL"]
[SourceTitle "CBM 139 Extra"]
[Source "ChessBase"]
[SourceDate "2011.01.05"]
[SourceVersion "1"]
[SourceVersionDate "2011.01.05"]
[SourceQuality "1"]

1. e4 c5 2. Nf3 Nc6 3. d4 cxd4 4. Nxd4 Nf6 5. Nc3 e5 6. Ndb5 d6 7. Bg5 a6 8. Na3 b5 9. Bxf6 gxf6 10. Nd5 f5 11. Bd3 Be6 12. c3 Bg7 13. Nxb5 axb5 14. Bxb5 Bd7 15. exf5 Nb8 16. a4 0-0 17. f6 Bxf6 18. Nxf6+ Qxf6 19. Bxd7 Nxd7 20. Qg4+ Qg6 21. Qxd7 Qe4+ 22. Kf1 Rfb8 23. h4 Rxb2 24. Kg1 Qf4 25. Rf1 Qxa4 26. Qxd6 Qf4 27. Qd1 Raa2 28. Qd8+ Kg7 29. Qg5+ Qxg5 30. hxg5 Kg6 31. Rh6+ Kxg5 32. Rxh7 f5 33. Rh3 Rc2 34. Re3 e4 35. g3 Kg4 36. Kg2 Rab2 37. c4 Rxc4 38. Ra3 Rcc2 39. Ra8 Kg5 40. Rg8+ Kf6 41. Rf8+ Kg6 42. g4 fxg4 43. Kg3 1/2-1/2